00391nam a2200145Ia 450000100060000000800410000602000150004704000130006208200210007510000140009624500730011026000450018330000100022854600070023838861140423s9999 xx 000 0 und d a1405077638 cPK-LaUMT a 613.71081bFIF- aKita, Joe 4aThe 15 best exercisesbsecrets from men's health magazinecKita, Joe aLondon,UK:bReaders International,c2005 a96 p. aEN